000 00377ntaaa2200169 4500
003 01
005 20251027201602.0
008 0714s1973 ag 01
040 _aAR-BaBN
_bspa
_cAR-BaBN
_eaacr
_dRIC
082 _a230.0000 Oa4
100 _aOakley, G. R.
245 _aCreeré Yo?
250 _a1 ed. :
_bKidd,
_cc1912
300 _a109 p.
650 _aTeologĂ­a
942 _cBK
999 _c10454
_d10454